Los fichajes más caros del fútbol - Nacidos en 2004 - Estadísticas

Estadísticas generales
  • Esta prueba ha sido intentada 29 veces
  • La puntuación promedio es 3 de 10
Estadísticas de respuestas
Coste (M €) Temporada Nacionalidad Último club Nuevo club Jugador % Correcto
62,10 2023-2024 Bélgica Southampton Chelsea Roméo Lavia
100%
22,26 2022-2023 Bélgica Manchester City U21 Southampton Roméo Lavia
100%
32,50 2024-2025 Inglaterra Chelsea Newcastle United Lewis Hall
38%
27,00 2023-2024 Camerún LOSC Lille Brighton Carlos Baleba
19%
20,00 2023-2024 Brasil Flamengo Crystal Palace Matheus França
14%
15,00 2023-2024 Brasil Santos Chelsea Ângelo
10%
27,00 2023-2024 Francia Stade Rennes Chelsea Lesley Ugochukwu
10%
21,10 2023-2024 Inglaterra Blackburb Crystal Palace Adam Wharton
5%
17,00 2024-2025 Ghana Sporting Lisboa Leicester City Issahaku Fatawu
5%
19,50 2024-2025 Ghana Nordsjaelland Brighton Ibrahim Osman
0%
No se encontraron pruebas coincidentes
Distribución de puntuación
Porcentaje de gente con cada puntuación
Porcentaje por número respondido
Historial de tus puntuaciones
No has intentado esta prueba.